Strzelcy Premier League w klubach 2003/04 - Statystyki

Ogólne statystyki
  • Ten quiz został rozwiązany 10 razy
  • Średni wynik to 6 z 20
Statystyki odpowiedzi
Klub Narodowość # Nazwisko % Poprawnych
Arsenal Francja 30 Thierry Henry
100%
Liverpool Anglia 16 Michael Owen
70%
Manchester United Holandia 20 Ruud van Nistelrooy
70%
Chelsea Holandia 12 Jimmy Floyd Hasselbaink
60%
Manchester City Francja 16 Nicolas Anelka
60%
Newcastle United Anglia 22 Alan Shearer
50%
Tottenham Hotspur Irlandia 14 Robbie Keane
50%
Fulham Francja 13 Louis Saha
30%
Leeds United Australia 11 Mark Viduka
30%
Birmingham City Finlandia 17 Mikael Forssell
30%
Aston Villa Kolumbia 16 Juan Pablo Ángel
20%
Everton Anglia 9 Wayne Rooney
20%
Blackburn Rovers Anglia 11 Andy Cole
10%
Wolverhampton Wanderers Senegal 7 Henri Camara
10%
Charlton Athletic Jamajka 10 Jason Euell
10%
Middlesbrough Słowacja 9 Szilárd Németh
10%
Portsmouth Nigeria 16 Yakubu Aiyegbeni
10%
Southampton Anglia 14 James Beattie
0%
Bolton Wanderers Anglia/Francja 9 Kevin Davies/Youri Djorkaeff/Kevin Nolan
0%
Leicester City Anglia 12 Les Ferdinand
0%
Nie znaleziono quizów pasujących do podanych kryteriów
Rozkład punktacji
Procent ludzi z każdym wynikiem
Percentyl według liczby udzielonych odpowiedzi
Twoja historia wyników
Nie rozwiązałeś tego quizu